[Event "Dubai op-B 23rd"]
[Site "Dubai"]
[Date "2023.06.03"]
[Round "8"]
[White "Tamer Wageih, Fareed"]
[Black "Faisal, Ali"]
[Result "1-0"]
[WhiteElo "1866"]
[BlackElo "1751"]
[PlyCount "75"]
[EventDate "2023.05.27"]
[EventType "swiss"]
[EventRounds "9"]
[EventCountry "UAE"]
[SourceTitle "CBM 214 Extra"]
[Source "ChessBase"]
[SourceDate "2023.07.31"]
[SourceVersion "1"]
[SourceVersionDate "2023.07.31"]
[SourceQuality "1"]

1. e4 e5 2. Nc3 Nc6 3. Bc4 Bc5 4. d3 d6 5. Na4 Bb6 6. Nxb6 axb6 7. a3 h6 8. f4 Nf6 9. Nf3 Bg4 10. h3 Bd7 11. 0-0 Qe7 12. Bd2 0-0-0 13. Qe1 Rdg8 14. fxe5 Nxe5 15. Nxe5 dxe5 16. Bb4 c5 17. Bc3 Be6 18. Bxe6+ Qxe6 19. Qf2 Rf8 20. a4 Nd7 21. a5 b5 22. b4 g5 23. bxc5 g4 24. h4 g3 25. Qxg3 Rhg8 26. Qf3 Qe7 27. Bb4 Rg6 28. c3 Rfg8 29. Ra2 Qxh4 30. c6 Rxc6 31. Qxf7 Rcg6 32. a6 bxa6 33. Qd5 Nb6 34. Qc5+ Kd8 35. Ba5 Qh3 36. Bxb6+ Ke8 37. Qxe5+ Kd7 38. Rf7+ 1-0

[Event "Dubai op-B 23rd"]
[Site "Dubai"]
[Date "2023.05.31"]
[Round "5"]
[White "Faisal, Ali"]
[Black "Newansa, M Esandi"]
[Result "1-0"]
[WhiteElo "1751"]
[BlackElo "1529"]
[PlyCount "157"]
[EventDate "2023.05.27"]
[EventType "swiss"]
[EventRounds "9"]
[EventCountry "UAE"]
[SourceTitle "CBM 214 Extra"]
[Source "ChessBase"]
[SourceDate "2023.07.31"]
[SourceVersion "1"]
[SourceVersionDate "2023.07.31"]
[SourceQuality "1"]

1. e4 c6 2. d4 d5 3. exd5 cxd5 4. Bd3 Nc6 5. c3 Qc7 6. h3 Nf6 7. Ne2 Bd7 8. 0-0 e5 9. Re1 Bd6 10. dxe5 Nxe5 11. Nd4 0-0-0 12. Nb5 Bxb5 13. Bxb5 Qb6 14. a4 a6 15. Be3 Qc7 16. Bf1 Rhe8 17. Nd2 Rg8 18. b4 Kb8 19. Qb3 Rc8 20. Bd4 Nc4 21. Nf3 Nh5 22. a5 Qc6 23. Reb1 Nf4 24. b5 axb5 25. Qxb5 Ne6 26. Bxc4 dxc4 27. a6 Qxb5 28. Rxb5 Rc7 29. Ba7+ Kc8 30. Bb6 bxa6 31. Bxc7 Nxc7 32. Rb6 Kd7 33. Rd1 Nb5 34. Ne5+ Ke7 35. Nxc4 Bc7 36. Rxa6 Nxc3 37. Re1+ Kd7 38. Ne5+ Bxe5 39. Rxe5 f6 40. Re3 Nb5 41. Rb3 Nc7 42. Ra7 Rc8 43. g4 Kd6 44. Rb6+ Kc5 45. Rb1 Kc6 46. Kg2 Kd6 47. Rc1 h6 48. Kf3 g6 49. Ra6+ Nxa6 50. Rxc8 Nc5 51. Rh8 g5 52. Rxh6 Ke5 53. Rh8 Ne6 54. Re8 Kd5 55. Kg3 Nc5 56. f4 Kd6 57. fxg5 fxg5 58. Rg8 Ne6 59. h4 gxh4+ 60. Kxh4 Ke7 61. Ra8 Nd4 62. Kh5 Ne6 63. g5 Kf7 64. Ra7+ Kf8 65. g6 Ng7+ 66. Kh6 Ne6 67. g7+ Nxg7 68. Rxg7 Ke8 69. Kg6 Kf8 70. Kf6 Ke8 71. Rf7 Kd8 72. Re7 Kc8 73. Ke6 Kd8 74. Kd6 Kc8 75. Rd7 Kb8 76. Rc7 Ka8 77. Kc6 Kb8 78. Kb6 Ka8 79. Rc8# 1-0

[Event "Dubai op-B 23rd"]
[Site "Dubai"]
[Date "2023.05.30"]
[Round "4"]
[White "Fernandez, Dandel"]
[Black "Faisal, Ali"]
[Result "1-0"]
[WhiteElo "2001"]
[BlackElo "1751"]
[PlyCount "59"]
[EventDate "2023.05.27"]
[EventType "swiss"]
[EventRounds "9"]
[EventCountry "UAE"]
[SourceTitle "CBM 214 Extra"]
[Source "ChessBase"]
[SourceDate "2023.07.31"]
[SourceVersion "1"]
[SourceVersionDate "2023.07.31"]
[SourceQuality "1"]

1. f4 Nf6 2. b3 d5 3. Bb2 g6 4. Nf3 Bg7 5. e3 0-0 6. Be2 c5 7. 0-0 Nc6 8. Bb5 Bf5 9. Bxc6 bxc6 10. d3 d4 11. e4 Be6 12. Ne5 Qc7 13. Qf3 Nh5 14. Nc4 f5 15. e5 Bh6 16. Bc1 Kh8 17. Qh3 Rg8 18. Rf2 Rg7 19. Nba3 Rag8 20. Bd2 Bf7 21. Re1 g5 22. e6 g4 23. Qh4 g3 24. hxg3 Be8 25. Ne5 Nxg3 26. Qxh6 Qd6 27. Nac4 Qd5 28. Nf7+ Bxf7 29. exf7 Rxf7 30. Qe6 1-0

[Event "Dubai op-B 23rd"]
[Site "Dubai"]
[Date "2023.05.28"]
[Round "2"]
[White "Yasmin, Ali"]
[Black "Faisal, Ali"]
[Result "0-1"]
[WhiteElo "1520"]
[BlackElo "1751"]
[PlyCount "114"]
[EventDate "2023.05.27"]
[EventType "swiss"]
[EventRounds "9"]
[EventCountry "UAE"]
[SourceTitle "CBM 214 Extra"]
[Source "ChessBase"]
[SourceDate "2023.07.31"]
[SourceVersion "1"]
[SourceVersionDate "2023.07.31"]
[SourceQuality "1"]

1. d4 Nf6 2. c4 e5 3. d5 Bb4+ 4. Nc3 0-0 5. Qc2 h6 6. e4 Bxc3+ 7. bxc3 d6 8. f3 Nbd7 9. Be3 Nh5 10. Nh3 Nc5 11. Nf2 f5 12. 0-0-0 f4 13. Bd2 Bd7 14. Be2 Ba4 15. Qb1 Bxd1 16. Kxd1 Rb8 17. g3 fxg3 18. hxg3 Nxg3 19. Rh3 Nxe2 20. Kxe2 Rf6 21. Qg1 Kf8 22. Rg3 Qe7 23. Qh2 Nd7 24. Qh5 Qf7 25. Qh3 Ke7 26. Ng4 Rg6 27. Qh4+ Nf6 28. Rg1 h5 29. Nxf6 gxf6 30. Rxg6 Qxg6 31. Be3 b5 32. c5 b4 33. cxd6+ cxd6 34. Qh3 Qf7 35. cxb4 Kd8 36. a3 Rb7 37. Bd2 Rc7 38. b5 Qd7 39. Qxd7+ Rxd7 40. Be1 Rg7 41. Kf1 Kc8 42. a4 Kb7 43. Bh4 Rg6 44. Bf2 Rg7 45. a5 a6 46. b6 Rg8 47. Bh4 Rg7 48. Kf2 Rg6 49. Kf1 Kc8 50. Kf2 Kb7 51. Kf1 Rg8 52. Be1 f5 53. exf5 Rf8 54. Kg2 Rxf5 55. Bg3 Rf8 56. Bf2 Rf4 57. Be3 Ra4 0-1

[Event "Dubai op-B 23rd"]
[Site "Dubai"]
[Date "2023.05.27"]
[Round "1"]
[White "Faisal, Ali"]
[Black "Gavrilov, Maxim"]
[Result "0-1"]
[WhiteElo "1751"]
[BlackElo "2157"]
[PlyCount "70"]
[EventDate "2023.05.27"]
[EventType "swiss"]
[EventRounds "9"]
[EventCountry "UAE"]
[SourceTitle "CBM 214 Extra"]
[Source "ChessBase"]
[SourceDate "2023.07.31"]
[SourceVersion "1"]
[SourceVersionDate "2023.07.31"]
[SourceQuality "1"]

1. e4 c6 2. d4 d5 3. exd5 cxd5 4. Bd3 Nc6 5. c3 Qc7 6. Nf3 Bg4 7. Be3 e6 8. a4 Bd6 9. h3 Bh5 10. Na3 a6 11. 0-0 Nge7 12. c4 Bxa3 13. Rxa3 Nb4 14. c5 Nec6 15. Be2 b6 16. Rc3 0-0 17. Ne5 Bxe2 18. Qxe2 Nxe5 19. cxb6 Qxb6 20. a5 Qa7 21. dxe5 d4 22. Rc4 dxe3 23. Rxb4 Qc5 24. Rb3 exf2+ 25. Rxf2 Qxa5 26. Rg3 Rac8 27. Qe3 g6 28. h4 Rc5 29. Rg5 Rd5 30. h5 Rd1+ 31. Kh2 Qe1 32. Qf3 Qh1+ 33. Kg3 Rd4 34. Qe3 Qh4+ 35. Kf3 f6 0-1

[Event "Sharjah Rapid op 27th"]
[Site "Sharjah"]
[Date "2022.04.06"]
[Round "3"]
[White "Faisal, Ali"]
[Black "Al Hosani, Omran"]
[Result "0-1"]
[WhiteElo "1836"]
[BlackElo "2191"]
[PlyCount "56"]
[EventDate "2022.04.06"]
[EventType "swiss (rapid)"]
[EventRounds "9"]
[EventCountry "UAE"]
[SourceTitle "CBM 207 Extra"]
[Source "ChessBase"]
[SourceDate "2022.05.31"]
[SourceVersion "1"]
[SourceVersionDate "2022.05.31"]
[SourceQuality "1"]

1. e4 c5 2. c3 Nf6 3. e5 Nd5 4. Nf3 e6 5. d4 cxd4 6. cxd4 d6 7. Nc3 Nxc3 8. bxc3 dxe5 9. Nxe5 Bd6 10. Bb5+ Nd7 11. 0-0 0-0 12. f4 Nxe5 13. fxe5 Bxe5 14. Bd3 Bxd4+ 15. cxd4 Qxd4+ 16. Kh1 Qxa1 17. Qh5 f5 18. Ba3 Qc3 19. Bxf8 Qxd3 20. Rd1 g6 21. Qxh7+ Kxh7 22. Rxd3 b6 23. Rd8 Bb7 24. Rd7+ Kg8 25. Bh6 Bd5 26. Rg7+ Kh8 27. Rxg6 Kh7 28. Rf6 Rg8 0-1

[Event "Asia Cup"]
[Site "Abu Dhabi"]
[Date "2016.03.31"]
[Round "4.4"]
[White "Baidya, Arun Shankar"]
[Black "Faisal, Ali"]
[Result "0-1"]
[WhiteElo "1719"]
[BlackElo "1827"]
[PlyCount "62"]
[EventDate "2016.03.28"]
[EventType "team-swiss"]
[EventRounds "9"]
[EventCountry "UAE"]
[SourceTitle "CBM 171 Extra"]
[Source "ChessBase"]
[SourceDate "2016.04.26"]
[SourceVersion "1"]
[SourceVersionDate "2016.04.26"]
[SourceQuality "1"]
[WhiteTeam "Nepal"]
[BlackTeam "United Arab Emirates II"]
[WhiteTeamCountry "NEP"]
[BlackTeamCountry "UAE"]

1. g4 e6 2. Bg2 h5 3. gxh5 Nf6 4. d4 c5 5. e3 Rxh5 6. c4 Qc7 7. h3 cxd4 8. Qxd4 d5 9. cxd5 Qxc1+ 10. Ke2 Qc2+ 11. Nd2 Bc5 12. Qf4 Nxd5 13. Qg4 g6 14. Ngf3 Nd7 15. Rhc1 Qxb2 16. Kf1 Bxe3 17. Rcb1 Qc2 18. Ne4 N7f6 19. Nxf6+ Nxf6 20. fxe3 Nxg4 21. hxg4 Qc4+ 22. Kg1 Qxg4 23. Rc1 Bd7 24. Nh2 Qe2 25. Re1 Qd2 26. Nf3 Qd6 27. Rad1 Qg3 28. Rd4 Rg5 29. Nxg5 Qxe1+ 30. Kh2 Qxe3 31. Nf3 Bc6 0-1

[Event "Al Ain Amateur op 4th"]
[Site "Al Ain"]
[Date "2015.12.25"]
[Round "3"]
[White "Faisal, Ali"]
[Black "Ali, M Alkindi"]
[Result "1-0"]
[WhiteElo "1882"]
[BlackElo "1641"]
[PlyCount "137"]
[EventDate "2015.12.23"]
[EventType "swiss"]
[EventRounds "9"]
[EventCountry "UAE"]
[SourceTitle "CBM 170 Extra"]
[Source "ChessBase"]
[SourceDate "2016.02.25"]
[SourceVersion "1"]
[SourceVersionDate "2016.02.25"]
[SourceQuality "1"]

1. e4 c5 2. Nf3 Nc6 3. d4 cxd4 4. Nxd4 Nf6 5. Nc3 e5 6. Ndb5 d6 7. Bg5 a6 8. Na3 b5 9. Nd5 Be7 10. Bxf6 Bxf6 11. c3 Bg5 12. g3 Rb8 13. Nc2 Be6 14. Bg2 0-0 15. 0-0 Ne7 16. Ncb4 Bxd5 17. Nxd5 Nxd5 18. Qxd5 Qc7 19. Rad1 Rfd8 20. f4 Bf6 21. Qd2 b4 22. cxb4 Qb6+ 23. Rf2 Qxb4 24. b3 Kf8 25. Qxb4 Rxb4 26. Rfd2 Ke7 27. fxe5 Bxe5 28. Bf1 a5 29. Bc4 a4 30. a3 Rxb3 31. Bxb3 axb3 32. Rb1 b2 33. Kf2 Rb8 34. Ke2 Kd7 35. Rd3 Kc6 36. Kd2 Kc5 37. Kc2 Kc4 38. Rd5 Rb3 39. a4 Rf3 40. Rbd1 Rf2+ 41. Kb1 Rf3 42. Ka2 Kb4 43. R5d3 Rxd3 44. Rxd3 Kxa4 45. Rb3 g6 46. g4 Bxh2 47. Rxb2 Be5 48. Rb7 f6 49. Rxh7 Kb4 50. Rh1 Kc4 51. Rd1 Bd4 52. Kb1 d5 53. Rc1+ Kd3 54. exd5 Ke4 55. d6 Bb6 56. d7 Kf4 57. Rc8 Kxg4 58. d8Q Bxd8 59. Rxd8 f5 60. Kc2 g5 61. Kd1 f4 62. Ke2 Kg3 63. Rd3+ Kg4 64. Kf2 Kf5 65. Rd5+ Kg4 66. Kg2 Kh4 67. Kf3 Kh5 68. Rd8 Kg6 69. Kg4 1-0

[Event "Al Ain Amateur op 4th"]
[Site "Al Ain"]
[Date "2015.12.24"]
[Round "2"]
[White "Khalifah, Khaled"]
[Black "Faisal, Ali"]
[Result "0-1"]
[WhiteElo "1524"]
[BlackElo "1882"]
[PlyCount "42"]
[EventDate "2015.12.23"]
[EventType "swiss"]
[EventRounds "9"]
[EventCountry "UAE"]
[SourceTitle "CBM 170 Extra"]
[Source "ChessBase"]
[SourceDate "2016.02.25"]
[SourceVersion "1"]
[SourceVersionDate "2016.02.25"]
[SourceQuality "1"]

1. d4 e6 2. Bf4 Nf6 3. Nf3 c5 4. e3 Nc6 5. c3 Nh5 6. Bg5 Qb6 7. Na3 h6 8. Bh4 g5 9. Bg3 Nxg3 10. hxg3 cxd4 11. exd4 Bxa3 12. bxa3 Qa5 13. Qb3 g4 14. Nd2 d5 15. Be2 f5 16. Rb1 Qc7 17. Qb2 h5 18. Qc2 Qe7 19. Nb3 b6 20. f3 Qd6 21. Kf2 Qc7 0-1